Statistiques concernant Les Simpson - S01E03 : Un atome de bon sens

Cliquez ici pour prendre le quiz!

Statistiques générales

  • Ce quiz a été pris 7 fois
  • Le résultat moyen est 4 sur 10

Statistiques - réponses

QuestionRéponse% Correct
Quelle personne Bart demande-t-il au téléphone en appelant Moe ?Rick Hocher
86%
De quelle autre visite scolaire parle Krapabelle en début d'épisode ?de la prison d'État
71%
Comment s'appelle la grenouille dans le petit film d'animation présenté aux élèves à la centrale pour leur expliquer le fonctionnement de l'énergie nucléaire ?Joe Neutron
57%
En écrivant sa lettre d'adieu à sa famille, Homer indique y laisser les "derniers mots" de son père. Quelle phrase n'en faisait pas partie ?Gardez la tête haute
43%
Quel est le nom de la chaîne de télé destinée aux chômeurs que regarde Homer ?Le temps des glandeurs
43%
Quelle note Bart a-t-il d'inscrit sur son bulletin en éducation physique ?D
29%
À côté de qui Bart s'assoie-t-il dans le bus ?Wendell
29%
Combien de temps de réflexion Burns laisse-t-il à Homer concernant sa proposition de devenir responsable de la sécurité à la centrale ?30 secondes
14%
De quelle couleur est le pyjama de Maggie dans cet épisode ?blanc
0%
Lors de la manifestation devant la centrale, le porte-parole rappelle que c'est grâce à Homer que l'on doit trois améliorations de sécurité en ville. Laquelle n'en fait pas partie ?la mise en place de barrières au passage à niveau
0%

Distribution des résultats

Percentile par nombre de réponses

% des personnes avec chaque résultat

Votre développement - résultats

Vous n’avez pas pris ce quiz